000 00480nam a2200193Ia 4500
003 GCL
008 140319s9999 xx 000 0 aRus d
040 _aGCL /
_cGCL
082 0 4 _a863
_bL C
100 1 _aLANDERO, LUIS
245 1 0 _aCABALLEROS DE FORTUNA /
_cLANDERO, LUIS
260 _a[S.N] :
_bTUSQUETS EDITORES ،
_c1994
300 _a322
650 0 4 _aLITERATURE
650 0 4 _aFICTION
650 0 4 _aSPANISH LITERATURE
650 0 4 _aSPANISH FICTION
942 _2ddc
_cBK
999 _c12784
_d12784